Estatísticas para Cultura Geral

Clique aqui para jogar o quiz

Estatísticas Gerais

  • Esse quiz foi jogado 8 vezes
  • A pontuação média é 6 de 15

Estatísticas das Respostas

HintResposta% Correto
Em que país podemos encontrar a cidade de Seul?Coreia do Sul
100%
Que nome damos a fenómenos imaginários experienciados durante o sono?Sonho
100%
Em que país podemos encontrar a sede da empresa Myspace?Estados Unidos
88%
Qual é o país de origem do cantor Pablo Alborán?Espanha
63%
Que género de filme apresenta um mundo heroico em que o protagonista passa por diferentes obstáculos em busca de alcançar seu objetivo?Aventura
50%
Que género de filme apresenta um enredo entre dois protagonistas que se relacionam amorosamente, tendo geralmente um "final feliz"?Romance
50%
Que nome damos ao produto audiovisual derivado de uma sequencia de imagens que gera uma impressão de movimento?Filme
38%
Que nome damos ao estado de consciência recorrente em que há diminuição da atividade metabólica e sensorial?Sono
38%
Que género de filme normalmente é feito por computação gráfica?Animação
25%
Que nome damos ao estado de atividade mínima e depressão metabólica sofrido por algumas espécies animais?Hibernação
13%
Que nome damos ao conjunto de reações químicas que ocorrem em um organismo vivo?Metabolismo
13%
Que nome damos a cada uma das imagens impressas quimicamente no filme cinematográfico?Fograma
0%
Que nome damos ao estudo científico do sistema nervoso central?Neurociência
0%
Quem canta a música "Solamente Tú"?Pablo Alborán
0%
Quem canta a música "2 Become 1"?Spice Girls
0%

Distribuição das Pontuações

Percentil de Números Respondidos

Porcentagem de Pessoas com Cada Pontuação

Sua Pontuação Histórica

Você não jogou esse quiz